According to Hoyle : (Record no. 482)

MARC details
000 -LEADER
fixed length control field 00863cam a2200253 a 4500
005 - DATE AND TIME OF LATEST TRANSACTION
control field 20260322212021.0
008 - FIXED-LENGTH DATA ELEMENTS--GENERAL INFORMATION
fixed length control field data
010 ## - LIBRARY OF CONGRESS CONTROL NUMBER
LC control number 96096727
020 ## - INTERNATIONAL STANDARD BOOK NUMBER
International Standard Book Number 044991156X
020 ## - INTERNATIONAL STANDARD BOOK NUMBER
International Standard Book Number 9780449911563
040 ## - CATALOGING SOURCE
Original cataloging agency DLC
Transcribing agency DLC
Modifying agency DLC
050 00 - LIBRARY OF CONGRESS CALL NUMBER
Classification number GV1243
Item number .F84 1996
092 ## - LOCALLY ASSIGNED DEWEY CALL NUMBER (OCLC)
Classification number 795 F84 1996
001 - CONTROL NUMBER
control field data
100 1# - MAIN ENTRY--PERSONAL NAME
Personal name Frey, Richard L.
245 10 - TITLE STATEMENT
Title According to Hoyle :
Remainder of title official rules of more than 200 popular games of skill and chance with expert advice on winning play /
Statement of responsibility, etc. Richard L. Frey & Edmond Hoyle.
250 ## - EDITION STATEMENT
Edition statement 1st Ballantine Books trade ed.
260 ## - PUBLICATION, DISTRIBUTION, ETC.
Place of publication, distribution, etc. New York :
Name of publisher, distributor, etc. Fawcett Columbine,
Date of publication, distribution, etc. 1996.
300 ## - PHYSICAL DESCRIPTION
Extent xii, 285 p. :
Other physical details ill. ;
Dimensions 21 cm.
650 #0 - SUBJECT ADDED ENTRY--TOPICAL TERM
Topical term or geographic name entry element Card games
General subdivision Rules.
650 #0 - SUBJECT ADDED ENTRY--TOPICAL TERM
Topical term or geographic name entry element Indoor games
General subdivision Rules.
700 1# - ADDED ENTRY--PERSONAL NAME
Personal name Hoyle, Edmond,
Dates associated with a name 1672-1769.
856 42 - ELECTRONIC LOCATION AND ACCESS
Materials specified Publisher description
Uniform Resource Identifier <a href="http://www.loc.gov/catdir/description/random045/96096727.html">http://www.loc.gov/catdir/description/random045/96096727.html</a>
Holdings
Withdrawn status Lost status Damaged status Not for loan Home library Current library Shelving location Date acquired Total checkouts Full call number Barcode Date last seen Price effective from Koha item type
        Centerville Centerville General stacks 22/03/2026   GV1243 .F84 1996 BC0010493 22/03/2026 22/03/2026 Books